| 000 | 00607nam a2200205 i 4500 | ||
|---|---|---|---|
| 001 | 170573 | ||
| 003 | ES-MaACL | ||
| 005 | 20230906214412.0 | ||
| 007 | t| | ||
| 008 | 090318m19961932fr ||||1| fre d | ||
| 020 | _a2-259-02726-1 | ||
| 080 | _a003(091) | ||
| 100 | 0 |
_aCalvet, Louis-Jean. _933812 |
|
| 245 | 1 | 0 |
_aHistoire de l'écriture / _cLouis-Jean Calvet. |
| 260 |
_a[Paris] : _bPlon, _c1996. |
||
| 300 |
_a296 p. : _bil., 1 mapa ; _c21 cm. |
||
| 500 | _aÍndices. | ||
| 650 | 4 |
_aEscritura- _xHistoria. _912402 |
|
| 852 | 4 |
_aES-MaACL _jE-12523 _9R.140136 _z. - Biblioteca Jacinto Martínez Lacalle |
|
| 999 |
_c170573 _d170573 |
||